[Event "Deltalift op"]
[Site "Tylosand"]
[Date "2017.05.25"]
[Round "3"]
[White "Svensson, Anders1111"]
[Black "Wiander, Michael"]
[Result "1/2-1/2"]
[WhiteElo "1716"]
[BlackElo "2235"]
[PlyCount "64"]
[EventDate "2017.05.25"]
[EventType "swiss"]
[EventRounds "8"]
[EventCountry "SWE"]
[SourceTitle "CBM 178 Extra"]
[Source "ChessBase"]
[SourceDate "2017.06.22"]
[SourceVersion "1"]
[SourceVersionDate "2017.06.22"]
[SourceQuality "1"]

1. e4 Nc6 2. d4 e5 3. Nf3 exd4 4. Bc4 h6 5. 0-0 d6 6. Nxd4 Nxd4 7. Qxd4 Qf6 8. Qe3 Be6 9. Bxe6 Qxe6 10. Nc3 c6 11. b3 Nf6 12. Bb2 Be7 13. Rfe1 0-0 14. h3 Rfe8 15. e5 dxe5 16. Qxe5 Qxe5 17. Rxe5 Bd6 18. Re2 Rxe2 19. Nxe2 Re8 20. Kf1 Be5 21. Bxe5 Rxe5 22. Rd1 Rd5 23. Ke1 Kf8 24. Nc3 Rc5 25. Rd3 Re5+ 26. Kd2 Ke7 27. Re3 Ke6 28. Rxe5+ Kxe5 29. Ke3 g5 30. g3 Nh5 31. Ne2 f6 32. f4+ Kd5 1/2-1/2

[Event "SWE Cup"]
[Site "Sweden"]
[Date "2017.03.26"]
[Round "9.5"]
[White "Wiander, Michael"]
[Black "Otten, Remmelt"]
[Result "1/2-1/2"]
[WhiteElo "2249"]
[BlackElo "2184"]
[PlyCount "138"]
[EventDate "2017.01.14"]
[EventType "team-tourn"]
[EventRounds "9"]
[EventCountry "SWE"]
[SourceTitle "CBM 177 Extra"]
[Source "ChessBase"]
[SourceDate "2017.04.27"]
[SourceVersion "1"]
[SourceVersionDate "2017.04.27"]
[SourceQuality "1"]
[WhiteTeam "Stockholm CC"]
[BlackTeam "Norrkoping Schack 08"]
[WhiteTeamCountry "SWE"]
[BlackTeamCountry "SWE"]

1. e4 e6 2. d3 d5 3. Nd2 Nf6 4. Ngf3 Be7 5. g3 0-0 6. Bg2 c5 7. 0-0 Nc6 8. Re1 Qc7 9. e5 Nd7 10. Qe2 b5 11. h4 a5 12. Nf1 Ba6 13. N1h2 b4 14. Bf4 c4 15. Ng4 Qb6 16. Bg5 Bc5 17. dxc4 Bxc4 18. Qd2 Ne7 19. Nf6+ gxf6 20. Bxf6 Nxf6 21. exf6 Nf5 22. Re5 Kh8 23. g4 Bxf2+ 24. Qxf2 Qxf2+ 25. Kxf2 Nd6 26. Nd4 Rac8 27. a4 Ba6 28. b3 Rc3 29. Rae1 Nb7 30. Kg1 Nc5 31. R5e3 Rxe3 32. Rxe3 Rc8 33. g5 Kg8 34. Kh2 Kf8 35. h5 Nd7 36. Bh3 Nc5 37. Bg2 Nd7 38. Bh3 Nc5 39. g6 hxg6 40. hxg6 fxg6 41. Kg1 Bb7 42. Bxe6 Re8 43. Rh3 Nxe6 44. Rh8+ Kf7 45. Rxe8 Kxe8 46. Nxe6 Bc8 47. Nc7+ Kf7 48. Nxd5 Bf5 49. Ne3 Be6 50. Kf2 Kxf6 51. Ke2 Ke5 52. Kd3 Kf4 53. Ng2+ Kg3 54. Ne3 Kf3 55. Nf1 Bf5+ 56. Kd2 g5 57. Ne3 Be6 58. Kd3 Bf7 59. Kd2 Be6 60. Kd3 Bf7 61. Kd2 g4 62. Nxg4 Kxg4 63. c3 Bxb3 64. cxb4 axb4 65. a5 Kf4 66. Kd3 Ke5 67. a6 Bd5 68. a7 Kd6 69. a8Q Bxa8 1/2-1/2

[Event "SWE Cup"]
[Site "Sweden"]
[Date "2017.03.25"]
[Round "8.3"]
[White "Olofsson Dolk, Mattis"]
[Black "Wiander, Michael"]
[Result "1/2-1/2"]
[WhiteElo "2240"]
[BlackElo "2249"]
[PlyCount "116"]
[EventDate "2017.01.14"]
[EventType "team-tourn"]
[EventRounds "9"]
[EventCountry "SWE"]
[SourceTitle "EXT 2018"]
[Source "ChessBase"]
[SourceDate "2017.10.13"]
[SourceVersion "1"]
[SourceVersionDate "2017.10.13"]
[SourceQuality "1"]
[WhiteTeam "Vaxjo"]
[BlackTeam "Stockholm CC"]
[WhiteTeamCountry "SWE"]
[BlackTeamCountry "SWE"]

1. e4 Nc6 2. Nf3 e6 3. d4 d5 4. e5 f6 5. Bb5 Bd7 6. Bxc6 Bxc6 7. 0-0 Qd7 8. Nbd2 f5 9. c3 h6 10. a4 a5 11. Ne1 g5 12. Nd3 b6 13. b3 Kf7 14. h4 Be7 15. Ba3 Kg7 16. Bb2 Qe8 17. Rc1 f4 18. h5 Qf7 19. g4 Bd8 20. f3 Ne7 21. c4 Bb7 22. Ba3 Qe8 23. Bxe7 Qxe7 24. cxd5 Bxd5 25. Ne4 Qd7 26. Nf6 Bxf6 27. exf6+ Kxf6 28. Ne5 Qh7 29. Ng6 Rhc8 30. Qe2 Kf7 31. Qb5 Kg8 32. Rfe1 Qg7 33. Re5 c6 34. Qxb6 Qa7 35. Qc5 Qxc5 36. Rxc5 Ra7 37. Rxa5 Rca8 38. Ne7+ Kf7 39. Rxa7 Rxa7 40. Nxd5 exd5 41. Re2 Rb7 42. Rb2 Rb4 43. a5 Rxd4 44. Ra2 Rb4 45. a6 Rb8 46. Kf2 Ke6 47. Ke2 Kd6 48. a7 Ra8 49. b4 Kc7 50. b5 Kb6 51. bxc6 Rxa7 52. Rc2 Rc7 53. Kd3 Rxc6 54. Ra2 Kc5 55. Ra8 Rb6 56. Rc8+ Rc6 57. Ra8 Rb6 58. Rc8+ Rc6 1/2-1/2

[Event "Rilton Cup 46th"]
[Site "Stockholm"]
[Date "2017.01.05"]
[Round "9"]
[White "Carlsson, Ludvig"]
[Black "Wiander, Michael"]
[Result "0-1"]
[WhiteElo "2073"]
[BlackElo "2246"]
[PlyCount "38"]
[EventDate "2016.12.27"]
[EventType "swiss"]
[EventRounds "9"]
[EventCountry "SWE"]
[SourceTitle "CBM 176 Extra"]
[Source "ChessBase"]
[SourceDate "2017.03.02"]
[SourceVersion "1"]
[SourceVersionDate "2017.03.02"]
[SourceQuality "1"]

1. e4 Nc6 2. d4 e5 3. Nf3 exd4 4. Nxd4 Qh4 5. Nc3 Bb4 6. Nxc6 Qxe4+ 7. Be2 Bxc3+ 8. bxc3 dxc6 9. 0-0 Qd5 10. Bf4 Nf6 11. Bf3 Qxd1 12. Raxd1 Be6 13. Rb1 0-0-0 14. Rfe1 Rhe8 15. a4 Bd5 16. Be2 Re4 17. Rb4 Bc4 18. Rxc4 Rxe2 19. Rc1 Rxc2 0-1

[Event "Rilton Cup 46th"]
[Site "Stockholm"]
[Date "2017.01.03"]
[Round "7"]
[White "Louis, Thibault"]
[Black "Wiander, Michael"]
[Result "1-0"]
[WhiteElo "2316"]
[BlackElo "2246"]
[PlyCount "75"]
[EventDate "2016.12.27"]
[EventType "swiss"]
[EventRounds "9"]
[EventCountry "SWE"]
[SourceTitle "CBM 176 Extra"]
[Source "ChessBase"]
[SourceDate "2017.03.02"]
[SourceVersion "1"]
[SourceVersionDate "2017.03.02"]
[SourceQuality "1"]

1. e4 Nc6 2. Nf3 e6 3. d4 d5 4. e5 f6 5. c3 Bd7 6. Bd3 Qe7 7. Bf4 0-0-0 8. Nbd2 Qe8 9. h4 Qh5 10. Rh3 Nh6 11. b4 fxe5 12. dxe5 Qf7 13. Bg5 Ne7 14. Nb3 Ng4 15. Rg3 h5 16. Nc5 Bc6 17. Qe2 Re8 18. Nd4 Nf5 19. Bxf5 Bxc5 20. bxc5 exf5 21. e6 Rxe6 22. Qxe6+ Qxe6+ 23. Nxe6 Re8 24. 0-0-0 Rxe6 25. c4 Nxf2 26. cxd5 Re5 27. Rd2 Ne4 28. Bf4 Rxd5 29. Rxd5 Nxg3 30. Re5 Ne4 31. Rxf5 g6 32. Re5 Kd7 33. Kc2 a5 34. Kd3 Nf2+ 35. Kd4 Bxg2 36. Bg5 b6 37. cxb6 cxb6 38. Re2 1-0

[Event "Rilton Cup 46th"]
[Site "Stockholm"]
[Date "2017.01.02"]
[Round "6"]
[White "Von Bahr, Oskar"]
[Black "Wiander, Michael"]
[Result "1-0"]
[WhiteElo "2357"]
[BlackElo "2246"]
[PlyCount "75"]
[EventDate "2016.12.27"]
[EventType "swiss"]
[EventRounds "9"]
[EventCountry "SWE"]
[SourceTitle "CBM 176 Extra"]
[Source "ChessBase"]
[SourceDate "2017.03.02"]
[SourceVersion "1"]
[SourceVersionDate "2017.03.02"]
[SourceQuality "1"]

1. e4 d6 2. d4 Nf6 3. Nc3 Nbd7 4. Nf3 e5 5. Bc4 h6 6. a4 a5 7. 0-0 Be7 8. Re1 c6 9. h3 Qc7 10. Be3 g5 11. Nd2 Nf8 12. Be2 Ne6 13. Nc4 Nd7 14. Bg4 Nf4 15. g3 Nf6 16. dxe5 Nxg4 17. hxg4 dxe5 18. gxf4 gxf4 19. Bb6 Qb8 20. f3 h5 21. g5 Be6 22. Qd3 Ra6 23. Bf2 0-0 24. Kh2 Rd8 25. Qe2 Kh7 26. Rad1 Rg8 27. Rg1 Bxg5 28. Nd6 f6 29. Nf5 Qf8 30. Qd3 Ra8 31. Qd6 Qf7 32. Qe7 Qxe7 33. Nxe7 Rge8 34. Nf5 Kg6 35. Rd6 Bxf5 36. exf5+ Kxf5 37. Ne4 Re7 38. Rxg5+ 1-0

[Event "Stockholm Scandic Ariadne"]
[Site "Stockholm"]
[Date "2016.11.06"]
[Round "7"]
[White "Golubka, Petr"]
[Black "Wiander, Michael"]
[Result "1-0"]
[WhiteElo "2403"]
[BlackElo "2245"]
[PlyCount "53"]
[EventDate "2016.11.04"]
[EventType "swiss"]
[EventRounds "8"]
[EventCountry "SWE"]
[SourceTitle "CBM 175 Extra"]
[Source "ChessBase"]
[SourceDate "2016.12.12"]
[SourceVersion "1"]
[SourceVersionDate "2016.12.12"]
[SourceQuality "1"]

1. e4 e6 2. d4 d5 3. Nc3 Nf6 4. Bg5 Be7 5. e5 Ne4 6. Bxe7 Qxe7 7. Nxe4 dxe4 8. Qd2 0-0 9. 0-0-0 c5 10. Ne2 Nc6 11. Qe3 b6 12. dxc5 Bb7 13. Nc3 Nb4 14. Nxe4 Nxa2+ 15. Kb1 Nb4 16. Nd6 bxc5 17. Qxc5 a5 18. c3 Nd5 19. Bc4 Rfb8 20. Ka1 a4 21. Bxd5 Bxd5 22. c4 a3 23. b4 Bxg2 24. Rhg1 Bf3 25. Rd3 Bh5 26. Rxg7+ Kf8 27. Rxh7 1-0

[Event "Rostock SSC 07 op 15th"]
[Site "Rostock"]
[Date "2016.07.29"]
[Round "4"]
[White "Wiander, Michael"]
[Black "Stern, Rene"]
[Result "1/2-1/2"]
[WhiteElo "2222"]
[BlackElo "2541"]
[PlyCount "89"]
[EventDate "2016.07.27"]
[EventType "swiss"]
[EventRounds "7"]
[EventCountry "GER"]
[SourceTitle "EXT 2017"]
[Source "ChessBase"]
[SourceDate "2016.10.25"]
[SourceVersion "1"]
[SourceVersionDate "2016.10.25"]
[SourceQuality "1"]

1. Nf3 Nf6 2. d3 d5 3. Nbd2 g6 4. e4 Bg7 5. g3 dxe4 6. dxe4 b6 7. Bg2 Bb7 8. 0-0 Nfd7 9. Re1 0-0 10. h4 Nc6 11. h5 Nc5 12. hxg6 hxg6 13. Ng5 Nd4 14. Nf1 Nde6 15. Qg4 Nxg5 16. Bxg5 Bxb2 17. Rad1 Qe8 18. Qh4 f6 19. Be3 Qf7 20. Bxc5 bxc5 21. Rb1 Qxa2 22. Qh6 Rf7 23. Qd2 Rb8 24. c3 Bc6 25. Ne3 Rb6 26. Bf1 Bxe4 27. Bc4 Qxb1 28. Rxb1 Bxb1 29. Bxf7+ Kxf7 30. Nc4 Bxc3 31. Qxc3 Rb4 32. Nd2 Bf5 33. Qxc5 Rb2 34. Qc4+ Kg7 35. Qd4 Rc2 36. Kg2 c5 37. Qe3 Kf7 38. Nb3 Be6 39. Nxc5 Bd5+ 40. Kh3 Rc4 41. f3 a5 42. Nd3 g5 43. Ne1 g4+ 44. fxg4 Be6 45. Kg2 1/2-1/2

[Event "Vaxjo op"]
[Site "Vaxjo"]
[Date "2016.02.21"]
[Round "7"]
[White "Wiander, Michael"]
[Black "Subramanian, Aditya"]
[Result "1/2-1/2"]
[WhiteElo "2226"]
[BlackElo "1963"]
[PlyCount "58"]
[EventDate "2016.02.19"]
[EventType "swiss"]
[EventRounds "8"]
[EventCountry "SWE"]
[SourceTitle "CBM 170 Extra"]
[Source "ChessBase"]
[SourceDate "2016.02.25"]
[SourceVersion "1"]
[SourceVersionDate "2016.02.25"]
[SourceQuality "1"]

1. Nf3 d5 2. g3 Nf6 3. Bg2 e6 4. d3 Be7 5. Nbd2 0-0 6. 0-0 Nc6 7. e4 dxe4 8. dxe4 e5 9. c3 a5 10. Qc2 Be6 11. Ng5 Bd7 12. Nc4 Bc5 13. Be3 Qe7 14. Bxc5 Qxc5 15. Ne3 h6 16. Nf3 Be6 17. Nh4 Rfd8 18. Rfd1 g6 19. Qe2 Rxd1+ 20. Rxd1 Rd8 21. Rxd8+ Nxd8 22. Nd5 Ne8 23. Qd2 c6 24. Nc7 Qd6 25. Qxd6 Nxd6 26. Nxe6 Nxe6 27. Nf3 f6 28. Nd2 Nc5 29. Nb3 Nxb3 1/2-1/2

[Event "Vaxjo Visma IM-A"]
[Site "Vaxjo"]
[Date "2014.06.29"]
[Round "9"]
[White "Holm, Kristian Stuvik"]
[Black "Wiander, Michael"]
[Result "1-0"]
[WhiteElo "2316"]
[BlackElo "2209"]
[PlyCount "101"]
[EventDate "2014.06.25"]
[EventType "tourn"]
[EventRounds "9"]
[EventCountry "SWE"]
[EventCategory "3"]
[SourceTitle "CBM 161 Extra"]
[Source "ChessBase"]
[SourceDate "2014.08.29"]
[SourceVersion "1"]
[SourceVersionDate "2014.08.29"]
[SourceQuality "1"]

1. d4 Nf6 2. c4 e5 3. dxe5 Ne4 4. a3 d6 5. Qc2 Nc5 6. b4 Ne6 7. exd6 Bxd6 8. Bb2 0-0 9. Nf3 a5 10. b5 Nd7 11. e3 Ndc5 12. Be2 f5 13. Nbd2 Qe7 14. 0-0 Bd7 15. Rfe1 Rae8 16. Bf1 Ng5 17. Nxg5 Qxg5 18. f4 Qe7 19. Nf3 Bc8 20. Ne5 Nd7 21. Nf3 Nc5 22. g3 Qe4 23. Qxe4 Nxe4 24. Ne5 Nc5 25. Nd3 Ne4 26. Rac1 b6 27. a4 Be6 28. Bg2 Bf7 29. Bd4 Ba3 30. Rc2 Re7 31. Ne5 Bd6 32. Bxe4 fxe4 33. Nxf7 Bb4 34. Nh6+ gxh6 35. Ree2 Rd8 36. Kf2 h5 37. Bf6 Red7 38. Bxd8 Rxd8 39. Kg2 Rd3 40. Kh3 Kf7 41. c5 bxc5 42. Rc4 Ra3 43. Rxe4 Rxa4 44. Rd2 Bxd2 45. Rxa4 Bb4 46. Kg2 c4 47. Kf3 Ke6 48. Ke4 Kd6 49. Kd4 c3 50. Ra2 a4 51. e4 1-0

[Event "Vaxjo Visma IM-A"]
[Site "Vaxjo"]
[Date "2014.06.29"]
[Round "8"]
[White "Wiander, Michael"]
[Black "Christensen, Tobias"]
[Result "0-1"]
[WhiteElo "2209"]
[BlackElo "2373"]
[PlyCount "54"]
[EventDate "2014.06.25"]
[EventType "tourn"]
[EventRounds "9"]
[EventCountry "SWE"]
[EventCategory "3"]
[SourceTitle "CBM 161 Extra"]
[Source "ChessBase"]
[SourceDate "2014.08.29"]
[SourceVersion "1"]
[SourceVersionDate "2014.08.29"]
[SourceQuality "1"]

1. e4 c5 2. Nf3 Nc6 3. d4 cxd4 4. c3 dxc3 5. Nxc3 e6 6. Bc4 Nf6 7. Bb3 Bb4 8. e5 Ne4 9. 0-0 Nxc3 10. bxc3 Bxc3 11. Bg5 f6 12. Rc1 Bxe5 13. Nxe5 Nxe5 14. Re1 fxg5 15. Rxe5 0-0 16. Qd6 Qf6 17. f3 a5 18. Bc4 Qf4 19. Rc2 h6 20. Bd3 Qb4 21. Rec5 b6 22. Qxf8+ Kxf8 23. Rxc8+ Rxc8 24. Rxc8+ Ke7 25. Kf1 Qd6 26. Bc4 Qxh2 27. a4 g4 0-1

[Event "Vaxjo Visma IM-A"]
[Site "Vaxjo"]
[Date "2014.06.27"]
[Round "5"]
[White "Livner, Anders"]
[Black "Wiander, Michael"]
[Result "1-0"]
[WhiteElo "2310"]
[BlackElo "2209"]
[PlyCount "75"]
[EventDate "2014.06.25"]
[EventType "tourn"]
[EventRounds "9"]
[EventCountry "SWE"]
[EventCategory "3"]
[SourceTitle "CBM 161 Extra"]
[Source "ChessBase"]
[SourceDate "2014.08.29"]
[SourceVersion "1"]
[SourceVersionDate "2014.08.29"]
[SourceQuality "1"]

1. d4 Nf6 2. Nf3 Ne4 3. c4 e6 4. g3 d5 5. Bg2 Be7 6. 0-0 0-0 7. Qc2 f5 8. b3 Nc6 9. Bb2 Bd7 10. a3 a5 11. Nc3 Be8 12. Rfd1 Bg6 13. Qc1 Bf6 14. Na4 f4 15. gxf4 Bh4 16. Rf1 Qf6 17. e3 Rad8 18. Nc5 Nxc5 19. dxc5 Qe7 20. cxd5 exd5 21. b4 axb4 22. Nxh4 Qxh4 23. axb4 Rf5 24. Qc3 d4 25. exd4 Nxd4 26. Rae1 Bh5 27. Qc4+ Bf7 28. Qd3 Rxf4 29. Qg3 Bc4 30. Qxh4 Rxh4 31. Re7 Bxf1 32. Kxf1 c6 33. Rxb7 Rh6 34. b5 cxb5 35. Bxd4 Rxd4 36. c6 Re6 37. Bf3 Re8 38. c7 1-0

[Event "Vaxjo Visma IM-A"]
[Site "Vaxjo"]
[Date "2014.06.25"]
[Round "1"]
[White "Shkuran, Danylo"]
[Black "Wiander, Michael"]
[Result "1-0"]
[WhiteElo "2391"]
[BlackElo "2209"]
[PlyCount "57"]
[EventDate "2014.06.25"]
[EventType "tourn"]
[EventRounds "9"]
[EventCountry "SWE"]
[EventCategory "3"]
[SourceTitle "CBM 161 Extra"]
[Source "ChessBase"]
[SourceDate "2014.08.29"]
[SourceVersion "1"]
[SourceVersionDate "2014.08.29"]
[SourceQuality "1"]

1. e4 Nc6 2. Nf3 f5 3. exf5 d5 4. Bb5 Bxf5 5. Ne5 Qd6 6. d4 Nf6 7. 0-0 Nd7 8. Nc3 e6 9. Bf4 Ndxe5 10. Bxe5 Qd7 11. Qh5+ Qf7 12. Qe2 Be7 13. Bxc7 0-0 14. Be5 Qg6 15. Bd3 Bxd3 16. Qxd3 Qxd3 17. cxd3 Bf6 18. Bxf6 Rxf6 19. Ne2 Nb4 20. Rfd1 Raf8 21. f3 Rg6 22. Kf2 Rh6 23. a3 Nc6 24. h3 Rh4 25. Rac1 Nxd4 26. Rc7 Rf7 27. Rc8+ Rf8 28. Rxf8+ Kxf8 29. g3 1-0

[Event "Deltalift op"]
[Site "Halmstad"]
[Date "2014.05.29"]
[Round "4"]
[White "Brynell, Stellan"]
[Black "Wiander, Michael"]
[Result "1-0"]
[WhiteElo "2464"]
[BlackElo "2204"]
[PlyCount "183"]
[EventDate "2014.03.29"]
[EventType "swiss"]
[EventRounds "8"]
[EventCountry "SWE"]
[SourceTitle "EXT 2015"]
[Source "ChessBase"]
[SourceDate "2014.11.20"]
[SourceVersion "1"]
[SourceVersionDate "2014.11.20"]
[SourceQuality "1"]

1. d4 Nf6 2. Nf3 Ne4 3. c4 e6 4. Nbd2 d5 5. g3 Be7 6. Bg2 0-0 7. 0-0 f5 8. Qc2 c6 9. b3 Qe8 10. Ne5 Nxd2 11. Bxd2 Nd7 12. Nd3 Kh8 13. Rad1 Bf6 14. Bc3 dxc4 15. bxc4 e5 16. e3 f4 17. dxe5 Nxe5 18. Nxf4 Bg4 19. f3 Be6 20. Bb4 Rg8 21. Nxe6 Qxe6 22. c5 Nc4 23. Rfe1 Rad8 24. Rxd8 Rxd8 25. Qb3 Qd5 26. f4 Qg8 27. Kh1 a5 28. Bf1 Nxe3 29. Bxa5 Qxb3 30. axb3 Re8 31. Bd2 Bd4 32. b4 Kg8 33. Bh3 Kf8 34. Bd7 Re7 35. Bc8 b6 36. cxb6 Bxb6 37. h3 Ke8 38. Bc3 Kd8 39. Ba6 Ra7 40. Ra1 Nf5 41. Kg2 Bd4 42. Bxd4 Nxd4 43. Rd1 Rxa6 44. Rxd4+ Ke7 45. Kf3 Ra3+ 46. Kg4 Ra4 47. Rc4 c5 48. Rxc5 Rxb4 49. Rc7+ Kf6 50. h4 Rb6 51. h5 h6 52. Ra7 Rc6 53. Kh4 Rd6 54. g4 Rd4 55. Kg3 Rd3+ 56. Kf2 Rb3 57. Rd7 Ra3 58. Rd4 Rb3 59. Re4 Ra3 60. Re3 Ra2+ 61. Kf3 Ra4 62. Rb3 Ra6 63. Rd3 Re6 64. Ra3 Rb6 65. Ra4 Re6 66. Ra5 Rb6 67. Rf5+ Ke6 68. Rf8 Rb3+ 69. Kf2 Rb2+ 70. Kg3 Rb3+ 71. Kh4 Rb1 72. Re8+ Kf7 73. Re3 Rb4 74. Kg3 Kf6 75. Kf3 Ra4 76. Rd3 Rb4 77. Ke3 Rb1 78. Rd6+ Kf7 79. Ke4 Re1+ 80. Kf5 Re7 81. g5 hxg5 82. fxg5 Ra7 83. Rd5 g6+ 84. hxg6+ Kg7 85. Rd6 Ra5+ 86. Kg4 Ra7 87. Kh5 Re7 88. Rf6 Re1 89. Rf7+ Kg8 90. Ra7 Re4 91. g7 Rf4 92. Kg6 1-0

[Event "Budapest FS08 IM"]
[Site "Budapest"]
[Date "2013.08.08"]
[Round "6"]
[White "Farago, Sandor"]
[Black "Wiander, Michael"]
[Result "1-0"]
[WhiteElo "2270"]
[BlackElo "2139"]
[PlyCount "63"]
[EventDate "2013.08.03"]
[EventType "tourn"]
[EventRounds "11"]
[EventCountry "HUN"]
[EventCategory "1"]
[SourceTitle "CBM 155 Extra"]
[Source "ChessBase"]
[SourceDate "2013.08.26"]
[SourceVersion "1"]
[SourceVersionDate "2013.08.26"]
[SourceQuality "1"]

1. e4 d5 2. exd5 Qxd5 3. Nc3 Qd6 4. Bc4 Nf6 5. h3 a6 6. Nf3 b5 7. Bb3 Bb7 8. a4 c6 9. d4 Nbd7 10. Ng5 e6 11. Qf3 Qc7 12. Nce4 h6 13. Bf4 Qa5+ 14. Bd2 Qd8 15. Nxf6+ Nxf6 16. Ne4 Qxd4 17. Nxf6+ Qxf6 18. Qg3 Bc5 19. 0-0 Rd8 20. Bf4 0-0 21. c3 Rd7 22. h4 Kh8 23. Rae1 Rg8 24. Re4 Qe7 25. Rfe1 Bd6 26. Bc2 c5 27. Rxe6 Bxf4 28. Rxe7 Bxg3 29. Rxd7 Bc8 30. Rxf7 Bxh4 31. axb5 axb5 32. Bg6 1-0